000 00532nam a22002057a 4500
003 OSt
005 20150311185256.0
008 150128b xxu||||| |||| 00| 0 eng d
020 _a84-348-3480-4
040 _cBMC
082 _a808.068083
100 1 _aCórdova, Isabel
_930749
245 1 0 _aPirulí
_cIsabel Córdova ; ilustraciones de Avi
260 _aMadrid
_bSM
_c[1991]
300 _a61 p.
_bil.
_c19 cm
490 _aBarco de Vapor
_v43
650 2 4 _929811
_aCuentos infantiles
700 1 _aAvi
_930773
942 _2ddc
_cBK
999 _c17804
_d17804